Joueurs de football par images - E - Statistiques

Statistiques générales
  • Ce quiz a été pris 1 523 fois
  • Le résultat moyen est 10 sur 20
Statistiques - réponses
Par images Réponse % Correct
Samuel Eto'o
97%
Patrice Evra
95%
Christian Eriksen
94%
Ederson
94%
Hugo Ekitike
84%
Eusébio
82%
Michael Essien
78%
Stephan El Shaarawy
71%
Breel Embolo
60%
Emerson
50%
Mohamed Elneny
45%
Vincent Enyeama
32%
Mevlüt Erding
30%
Emmanuel Eboué
13%
Julien Escudé
13%
Johan Elmander
11%
Jean-Luc Ettori
8%
Stefan Effenberg
5%
Elano
4%
Urby Emanuelson
3%
Aucun quiz correspondant
Distribution des résultats
% des personnes avec chaque résultat
Percentile par nombre de réponses
Votre historique - résultats
Vous n’avez pas pris ce quiz